| 000 -CABECERA |
| Longitud fija campo de control |
00812cas a22002057a 4500 |
| 003 - IDENTIFICADOR DEL NÚMERO DE CONTROL |
| Identificador del número de control |
OSt |
| 005 - FECHA Y HORA DE LA ÚLTIMA TRANSACCIÓN |
| Fecha y hora de la última transacción |
20231121114412.0 |
| 008 - CÓDIGOS DE INFORMACIÓN DE LONGITUD FIJA |
| Códigos de información de longitud fija |
170131c1995 xxcz||wso|||||0|| 00eng|d |
| 040 ## - FUENTE DE LA CATALOGACIÓN |
| Lengua de catalogación |
cat |
| Centro transcriptor |
CDMR |
| 245 10 - MENCIÓN DE TÍTULO |
| Título |
Who Makes the News? |
| Resto del título |
: Global Media Monitoring Project (GMMP) [recurs electrònic] / |
| Mención de responsabilidad, etc. |
World Association for Christian Communication (WACC) |
| 260 ## - PUBLICACIÓN, DISTRIBUCIÓN, ETC. (PIE DE IMPRENTA) |
| Lugar de publicación, distribución, etc. |
[Toronto] : |
| Nombre del editor, distribuidor, etc. |
World Association for Christian Communication (WACC), |
| Fecha de publicación, distribución, etc. |
1995 - |
| 310 ## - PERIODICIDAD ACTUAL |
| Periodicidad actual |
Quinquenal |
| 362 ## - FECHAS DE PUBLICACIÓN Y/O DESIGNACIÓN SECUENCIAL |
| Fecha de publicación y/o designación secuencial |
1995- |
| 650 #7 - PUNTO DE ACCESO ADICIONAL DE MATERIA - TÉRMINO DE MATERIA |
| Término de materia o nombre geográfico como elemento inicial |
Dones en els mitjans de comunicació de massa |
| Subdivisión de materia general |
Estadístiques |
| Fuente del encabezamiento o término |
lemac |
| 650 #7 - PUNTO DE ACCESO ADICIONAL DE MATERIA - TÉRMINO DE MATERIA |
| Término de materia o nombre geográfico como elemento inicial |
Dones |
| Subdivisión de materia general |
Cobertura periodística |
| Fuente del encabezamiento o término |
lemac |
| 700 1# - PUNTO DE ACCESO ADICIONAL - NOMBRE DE PERSONA |
| Nombre de persona |
Macharia, Sarah |
| 710 2# - PUNTO DE ACCESO ADICIONAL - NOMBRE DE ENTIDAD |
| Nombre de entidad o nombre de jurisdicción como elemento inicial |
World Association for Christian Communication |
| 856 ## - LOCALIZACIÓN Y ACCESO ELECTRÓNICO |
| Identificador Uniforme del Recurso (URI) |
<a href="https://whomakesthenews.org/gmmp-reports/">https://whomakesthenews.org/gmmp-reports/</a> |
| Nota pública |
Accés en línia |
| 942 ## - ENTRADA DE ELEMENTOS AGREGADOS (KOHA) |
| Koha [por defecto] tipo de item |
Publicacions periòdiques en línia |
| Fuente de clasificaión o esquema |
|